00819nam a2200169 a 450000100100000000500170001000800410002704000250006824501670009324600310026024601090029126000330040030000640043370000300049795201050052799900170063200004275420201002040355.0140206s1968 ve 000 0 spa d aDO-SdBNPbspacBNPHU00aIV Mensaje al Congreso /cpresentado por el ciudadano Dr. Rafael Leoni Presidente constitucional de la República 15 de marzo de 1968cpresentación Raul Leoni.10aCuarto mensaje al Congreso14aIV Mensaje al Congreso Nacional del Presidente de la República Dr. Rafael Caldera al Congreso Nacional aCaracas, Venezuela :,c1968. aXXXIII, 220 p., [54] h. :bil., gráf., + mapa700c23 cm.1 aLeoni, Raulepres.970081 001050718MOaGRbGRcCTd2014-02-06iLF1l0o p42754-10r2020-06-25w2020-06-25y1ZNo se presta c42243d42243